Somebody's luggage ; (Record no. 48734)

MARC details
000 -LEADER
campo de control de longitud fija 00720nam a22002295i 4500
001 - NÚMERO DE CONTROL
campo de control 48734
003 - IDENTIFICADOR DE NÚMERO DE CONTROL
campo de control ES-MaACL
005 - FECHA Y HORA DE LA ÚLTIMA TRANSACCIÓN
campo de control 20230906161816.0
007 - CAMPO FIJO DE DESCRIPCIÓN FÍSICA--INFORMACIÓN GENERAL
campo de control de longitud fija t|
008 - DATOS DE LONGITUD FIJA--INFORMACIÓN GENERAL
campo de control de longitud fija 950727s1867 gw ||||1| eng d
080 ## - NÚMERO DE LA CLASIFICACIÓN DECIMAL UNIVERSAL
Número de la Clasificación Decimal Universal 821.111-31"18"
100 1# - ENTRADA PRINCIPAL--NOMBRE DE PERSONA
Nombre de persona Dickens, Charles.
9 (RLIN) 44489
245 10 - MENCIÓN DEL TÍTULO
Título Somebody's luggage ;
Resto del título Mrs. Lirriper's lodgins ; Mrs. Lirriper's legacy /
Mención de responsabilidad, etc. by Charles Dickens.
246 3# - FORMA VARIANTE DEL TITULO
Título propio/Titulo breve Mrs. Lirriper's lodgins
246 3# - FORMA VARIANTE DEL TITULO
Título propio/Titulo breve Mrs. Lirriper's legacy
260 ## - PUBLICACIÓN, DISTRIBUCIÓN, ETC.
Lugar de publicación, distribución, etc. Leipzig :
Nombre del editor, distribuidor, etc. Bernhard Tauchnitz,
Fecha de publicación, distribución, etc. 1867.
300 ## - DESCRIPCIÓN FÍSICA
Extensión 426 p. ;
Dimensiones 16 cm.
490 1# - MENCIÓN DE SERIE
Mención de serie Collection of British authors ;
Designación de volumen o secuencia 888
830 1# - PUNTO DE ACCESO ADICIONAL DE SERIE-TÍTULO UNIFORME
Título uniforme Collection of British authors ;
Designación de volumen o secuencia 888
9 (RLIN) 180703
852 4# - LOCALIZACIÓN
Ubicación ES-MaACL
Número de control de estantería G-12423
Holdings
Estatus retirado Estado de pérdida Estado de daño No para préstamo Colección Biblioteca de origen Biblioteca actual Ubicación en estantería Fecha de adquisición Fuente de adquisición Total de préstamos Signatura topográfica completa Código de barras Visto por última vez Precio de reemplazo Tipo de ítem Koha
        Libros del s. XIX Biblioteca del Ateneo de Madrid Biblioteca del Ateneo de Madrid Sala Pecera Planta 3 17/01/2008     G-12423 1051287 23/02/2023 23/02/2023 Libro impreso antiguo